000 00601nam a22001937a 4500
005 20260428144733.0
010 _aENG-148345
020 _a9789349015586
_c3995.00
035 _aEN-131877
037 _bDBAD
082 _a346.054
_212
100 _aSarvaria, S K
245 _aGopalakrishnan Law of Wills/
_cApoorv Sarvaria [and] S K Sarvaria
250 _a12
260 _aGurgaon
_bLexis Nexis
_c2026
270 _a14th floor building no 10, tower-B, DLF cyber city, phase-II
_bGurgaon
_e122002
300 _aclxxxviii,1612p.
_c25cm(hb)
942 _2ddc
_cEN
_h346.054
_mSAR
_e12
999 _c216024
_d216024